Statistics for States and their Governors (Now Click Map)

Click here to take the quiz!

General Stats

  • This quiz has been taken 30 times
  • The average score is 18 of 50

Answers on the Map

Answers color-coded by a green-red scale on the quiz's map according to % correct below.
 

Answer Stats

Answer% Correct
Andrew Cuomo
71%
Gavin Newsom
67%
Greg Abbott
58%
Gretchen Whitmer
58%
Ron DeSantis
58%
Jay Inslee
50%
Brian Kemp
42%
David Ige
42%
J.B. Pritzker
42%
Michelle Lujan Grisham
42%
Ralph Northam
42%
Steve Bullock
42%
Tom Wolf
42%
Andy Beshear
38%
Charlie Baker
38%
Chris Sununu
38%
Gina Raimondo
38%
Jared Polis
38%
Jim Justice
38%
Kate Brown
38%
Larry Hogan
38%
Mike DeWine
38%
Mike Dunleavy
38%
Phil Murphy
38%
Phil Scott
38%
Roy Cooper
38%
Asa Hutchinson
33%
Doug Ducey
33%
John Bel Edwards
33%
Kay Ivey
33%
Kim Reynolds
33%
Kristi Noem
33%
Pete Ricketts
33%
Henry McMaster
29%
Janet Mills
29%
John Carney
29%
Laura Kelly
29%
Ned Lamont
29%
Steve Sisolak
29%
Tate Reeves
29%
Tim Walz
29%
Tony Evers
29%
Bill Lee
25%
Doug Burgum
25%
Eric Holcomb
25%
Gary Herbert
25%
Kevin Stitt
25%
Mark Gordon
25%
Brad Little
21%
Mike Parson
21%

Score Distribution

Percentile by Number Answered

Percent of People with Each Score

Your Score History

You have not taken this quiz